Normal view
MARC view
- Karl E. Wiegers
Entry Personal Name
001 - CONTROL NUMBER
- control field: 124572
003 - CONTROL NUMBER IDENTIFIER
- control field: NUST
005 - DATE AND TIME OF LATEST TRANSACTION
- control field: 20240718122112.0
008 - FIXED-LENGTH DATA ELEMENTS
- fixed length control field: 240718|| aca||aabn | a|a d
040 ## - CATALOGING SOURCE
- Original cataloging agency: NUST
- Transcribing agency: NUST
100 ## - HEADING--PERSONAL NAME
- Personal name: Karl E. Wiegers
670 ## - SOURCE DATA FOUND
- Source citation: Work cat.: (NUST): Karl E. Wiegers, Software Requirements, 2003.
